| 000 | 00899nam a2200289Ia 4500 | ||
|---|---|---|---|
| 001 | Para_2226 | ||
| 003 | CHAP | ||
| 008 | 220125s1990 xx 000 0 und d | ||
| 010 | _a200809 | ||
| 040 | _cCHAP | ||
| 082 | _aPA 634.119 J6 | ||
| 100 |
_aJones, A.L., ed. _9165657 |
||
| 245 |
_aCompendium of apple and pear diseases / _c ed. by A.L. Jones and H.S. Aldwinckle |
||
| 260 |
_aMinnesota : _b Aps press; The American Phytopathological Society |
||
| 300 | _a100 p. | ||
| 440 |
_aSer. The Diseases Compendium Series of the American Phytopathological Society _9165658 |
||
| 650 |
_aManzana _x enfermedades _970763 |
||
| 650 |
_aPera _x enfermedades |
||
| 700 |
_aAldwinakle, H.S. _9165659 |
||
| 901 | _aPA 634.119 J6 | ||
| 902 | _aM | ||
| 905 | _a0000001990 a 0000000000 00 | ||
| 910 | _a1990 | ||
| 942 | _cPARA | ||
| 942 |
_cPARA _d1 |
||
| 999 |
_c200809 _d200809 |
||